[Event "CZE-chT2A 1213"]
[Site "Czech Republic"]
[Date "2012.12.02"]
[Round "4.6"]
[White "Cichy, Miroslav"]
[Black "Turner, Radek"]
[Result "0-1"]
[WhiteElo "2121"]
[BlackElo "2099"]
[PlyCount "56"]
[EventDate "2012.10.14"]
[EventType "team-tourn"]
[EventRounds "11"]
[EventCountry "CZE"]
[SourceTitle "EXT 2015"]
[Source "ChessBase"]
[SourceDate "2014.11.20"]
[SourceVersion "1"]
[SourceVersionDate "2014.11.20"]
[SourceQuality "1"]
[WhiteTeam "Most Chess"]
[BlackTeam "Kozolupy"]
[WhiteTeamCountry "CZE"]
[BlackTeamCountry "CZE"]

1. e4 Nf6 2. e5 Nd5 3. c4 Nb6 4. d4 d6 5. f4 g6 6. Be3 Bg7 7. Nc3 Be6 8. h3 0-0 9. b3 c6 10. Nf3 c5 11. dxc5 N6d7 12. cxd6 exd6 13. Qxd6 Nxe5 14. Qxd8 Nxf3+ 15. gxf3 Rxd8 16. Rc1 Nc6 17. Ne4 Bf5 18. Kf2 Nb4 19. a4 Rd7 20. c5 Nd3+ 21. Bxd3 Rxd3 22. b4 Rb3 23. b5 Rb2+ 24. Kg3 Rb3 25. Kf2 Rb2+ 26. Kg3 h5 27. Nd6 h4+ 28. Kxh4 Rg2 0-1

[Event "CZE-chT2B 1112"]
[Site "Czech Republic"]
[Date "2012.02.19"]
[Round "8.4"]
[White "Hadraba, Vladimir"]
[Black "Cichy, Miroslav"]
[Result "1-0"]
[WhiteElo "2225"]
[BlackElo "2132"]
[PlyCount "73"]
[EventDate "2011.10.09"]
[EventType "team-tourn"]
[EventRounds "11"]
[EventCountry "CZE"]
[SourceTitle "EXT 2013"]
[Source "ChessBase"]
[SourceDate "2012.11.22"]
[SourceVersion "1"]
[SourceVersionDate "2012.11.22"]
[SourceQuality "1"]
[WhiteTeam "Teplice"]
[BlackTeam "Most Chess"]
[WhiteTeamCountry "CZE"]
[BlackTeamCountry "CZE"]

1. e4 c5 2. Nf3 Nc6 3. d4 cxd4 4. Nxd4 Nf6 5. Nc3 e5 6. Ndb5 a6 7. Nd6+ Bxd6 8. Qxd6 Qe7 9. Qxe7+ Nxe7 10. Bg5 b5 11. a3 Bb7 12. f3 d5 13. Bxf6 gxf6 14. exd5 Nxd5 15. Nxd5 Bxd5 16. Bd3 Be6 17. Kf2 f5 18. b4 Bd7 19. c4 Ke7 20. c5 h5 21. h4 Rhd8 22. Rhd1 Ke6 23. Bc2 Bc6 24. Bb3+ Ke7 25. Rxd8 Rxd8 26. Rd1 Rxd1 27. Bxd1 Ke6 28. f4 e4 29. Ke3 Kf6 30. Bxh5 Kg7 31. Bd1 Kg6 32. g3 Kf6 33. Kd4 Bb7 34. h5 Bc6 35. h6 Kg6 36. Ke5 e3 37. Kd6 1-0

[Event "CZE-chT2B 1112"]
[Site "Czech Republic"]
[Date "2011.11.06"]
[Round "2.6"]
[White "Cichy, Miroslav"]
[Black "Kansky, Pavel"]
[Result "0-1"]
[WhiteElo "2132"]
[BlackElo "2108"]
[PlyCount "77"]
[EventDate "2011.10.09"]
[EventType "team-tourn"]
[EventRounds "11"]
[EventCountry "CZE"]
[SourceTitle "EXT 2013"]
[Source "ChessBase"]
[SourceDate "2012.11.22"]
[SourceVersion "1"]
[SourceVersionDate "2012.11.22"]
[SourceQuality "1"]
[WhiteTeam "Most Chess"]
[BlackTeam "Decin"]
[WhiteTeamCountry "CZE"]
[BlackTeamCountry "CZE"]

1. e4 g6 2. d4 Bg7 3. Nc3 d6 4. Bc4 c6 5. Nf3 b5 6. Bd3 Nf6 7. e5 dxe5 8. dxe5 Nd5 9. Be4 e6 10. 0-0 0-0 11. Re1 a5 12. Bxd5 exd5 13. Ng5 d4 14. Nce4 Bxe5 15. Nxh7 Kxh7 16. Ng5+ Kg7 17. Rxe5 f6 18. Ne6+ Bxe6 19. Rxe6 Re8 20. Qe2 Rxe6 21. Qxe6 Qd7 22. Qe4 Na6 23. h4 Re8 24. Qf4 Re1+ 25. Kh2 Kf7 26. Qh6 Qf5 27. Qh7+ Ke6 28. Qb7 Qe4 29. Qc8+ Ke7 30. Qb7+ Kd6 31. Kg3 g5 32. hxg5 fxg5 33. Bxg5 Rxa1 34. Qxa6 Rxa2 35. Bf4+ Kd5 36. Qc8 Rxb2 37. Qd7+ Kc4 38. Qf7+ Kc3 39. f3 0-1

[Event "CZE-chT2B 1112"]
[Site "Czech Republic"]
[Date "2011.10.09"]
[Round "1.6"]
[White "Zahorbensky, Jaroslav"]
[Black "Cichy, Miroslav"]
[Result "1/2-1/2"]
[WhiteElo "2128"]
[BlackElo "2132"]
[PlyCount "101"]
[EventDate "2011.10.09"]
[EventType "team-tourn"]
[EventRounds "11"]
[EventCountry "CZE"]
[SourceTitle "EXT 2013"]
[Source "ChessBase"]
[SourceDate "2012.11.22"]
[SourceVersion "1"]
[SourceVersionDate "2012.11.22"]
[SourceQuality "1"]
[WhiteTeam "Neratovice"]
[BlackTeam "Most Chess"]
[WhiteTeamCountry "CZE"]
[BlackTeamCountry "CZE"]

1. e4 c5 2. Nf3 Nc6 3. Bb5 Qc7 4. Nc3 e6 5. 0-0 Nd4 6. a4 a6 7. Bc4 b6 8. d3 Ne7 9. Nxd4 cxd4 10. Ne2 Nc6 11. Bd2 Be7 12. f4 Bb7 13. Qe1 a5 14. Kh1 Rg8 15. Rc1 h5 16. Qf2 h4 17. h3 0-0-0 18. Bb5 f5 19. exf5 exf5 20. Bc4 d5 21. Bb5 Kb8 22. b3 g5 23. fxg5 Bxg5 24. Bxg5 Rxg5 25. Bxc6 Bxc6 26. Qf4 Rdg8 27. Qxc7+ Kxc7 28. Nf4 Re8 29. Rce1 Kd6 30. Rxe8 Bxe8 31. Re1 Bf7 32. Kg1 Rg8 33. Kf2 Rc8 34. Re2 Rg8 35. Ke1 Rc8 36. Kd2 Rg8 37. Rf2 Ke5 38. Kc1 Rg3 39. Ne2 Re3 40. Kd2 Bh5 41. Nxd4 f4 42. c3 Rg3 43. Nc2 f3 44. Ne1 fxg2 45. Nxg2 Rxh3 46. Nf4 Rf3 47. Ng6+ Ke6 48. Rxf3 Bxf3 49. Nxh4 Bh5 50. Ng2 Ke5 51. Ne3 1/2-1/2

[Event "CZE-chT2B 1011"]
[Site "Czech Republic"]
[Date "2010.11.21"]
[Round "3.3"]
[White "Hrbolka, Ladislav Jr"]
[Black "Cichy, Miroslav"]
[Result "1/2-1/2"]
[WhiteElo "2153"]
[BlackElo "2141"]
[PlyCount "65"]
[EventDate "2010.10.17"]
[EventType "team-tourn"]
[EventRounds "11"]
[EventCountry "CZE"]
[SourceTitle "EXT 2012"]
[Source "ChessBase"]
[SourceDate "2011.11.24"]
[SourceVersion "1"]
[SourceVersionDate "2011.11.24"]
[SourceQuality "1"]
[WhiteTeam "Decin"]
[BlackTeam "Marty Most"]
[WhiteTeamCountry "CZE"]
[BlackTeamCountry "CZE"]

1. d4 Nf6 2. c4 c5 3. d5 b5 4. cxb5 a6 5. b6 Qxb6 6. Nc3 d6 7. e4 g6 8. Be2 Bg7 9. Nf3 0-0 10. 0-0 Nbd7 11. a4 Qb4 12. Nd2 Ne5 13. h3 Rb8 14. Ra3 Bb7 15. Rb3 Qd4 16. Kh2 e6 17. f4 exd5 18. fxe5 Qxe5+ 19. Kh1 d4 20. Nc4 Qe6 21. Nd5 Nxd5 22. Rxb7 Nf6 23. Rxb8 Rxb8 24. Nxd6 Bf8 25. e5 Bxd6 26. exd6 Ne4 27. Rf3 Nxd6 28. Qf1 Rb4 29. b3 Rxb3 30. Rxb3 Qxb3 31. Bf4 Nf5 32. Bc4 Qxa4 33. Bxa6 1/2-1/2

[Event "CZE-chT2B 0910"]
[Site "Czech Republic"]
[Date "2010.01.31"]
[Round "6.2"]
[White "Pletanek, Jan"]
[Black "Cichy, Miroslav"]
[Result "1-0"]
[WhiteElo "2242"]
[BlackElo "2149"]
[PlyCount "44"]
[EventDate "2009.10.18"]
[EventType "team-tourn"]
[EventRounds "11"]
[EventCountry "CZE"]
[SourceTitle "EXT 2012"]
[Source "ChessBase"]
[SourceDate "2011.11.24"]
[SourceVersion "1"]
[SourceVersionDate "2011.11.24"]
[SourceQuality "1"]
[WhiteTeam "Decin"]
[BlackTeam "Most Marty"]
[WhiteTeamCountry "CZE"]
[BlackTeamCountry "CZE"]

1. e4 c5 2. Nf3 Nc6 3. Nc3 Nf6 4. Bb5 Qc7 5. 0-0 e6 6. Re1 Be7 7. e5 Nd5 8. Nxd5 exd5 9. d4 a6 10. Bf1 cxd4 11. Nxd4 Nxd4 12. Qxd4 Qxc2 13. e6 dxe6 14. Qxg7 Rf8 15. Be3 f6 16. Qg3 e5 17. Rac1 Qg6 18. Qh4 Bd7 19. f4 e4 20. Be2 f5 21. Qh3 Kd8 22. Red1 Qf7 1-0

[Event "CZE-chT2B 0910"]
[Site "Czech Republic"]
[Date "2009.12.06"]
[Round "4.2"]
[White "Hlavacek, Tomas"]
[Black "Cichy, Miroslav"]
[Result "1-0"]
[WhiteElo "1998"]
[BlackElo "2149"]
[PlyCount "79"]
[EventDate "2009.10.18"]
[EventType "team-tourn"]
[EventRounds "11"]
[EventCountry "CZE"]
[SourceTitle "EXT 2012"]
[Source "ChessBase"]
[SourceDate "2011.11.24"]
[SourceVersion "1"]
[SourceVersionDate "2011.11.24"]
[SourceQuality "1"]
[WhiteTeam "Karlovy Vary II"]
[BlackTeam "Most Marty"]
[WhiteTeamCountry "CZE"]
[BlackTeamCountry "CZE"]

1. e4 c5 2. Nf3 Nc6 3. d4 cxd4 4. Nxd4 Nf6 5. Nc3 e5 6. Ndb5 d6 7. Bg5 a6 8. Na3 b5 9. Nd5 Be7 10. Bxf6 Bxf6 11. c3 Ne7 12. Nc2 Be6 13. Nce3 Bg5 14. a4 Bxe3 15. Nxe3 Rb8 16. axb5 axb5 17. Bd3 0-0 18. Qe2 Qb6 19. 0-0 Nc6 20. Rfd1 b4 21. Bc4 Na5 22. Bd5 Rfc8 23. Qd3 Rd8 24. h3 Qc5 25. Ra4 bxc3 26. bxc3 Rb2 27. Rda1 Nc6 28. Rc4 Qb5 29. Bxc6 Bxc4 30. Qxc4 Qxc4 31. Nxc4 Rb3 32. Bd5 Rxc3 33. Ra7 h6 34. Rxf7 Kh7 35. Ne3 Rc1+ 36. Kh2 Rb8 37. Nf5 Rbb1 38. Rxg7+ Kh8 39. Rg6 Kh7 40. Rxh6# 1-0

[Event "Imperia op-A 50th"]
[Site "Imperia"]
[Date "2008.08.31"]
[Round "1"]
[White "Cichy, Miroslav"]
[Black "Simacek, Pavel"]
[Result "0-1"]
[WhiteElo "2141"]
[BlackElo "2470"]
[PlyCount "62"]
[EventDate "2008.08.31"]
[EventType "swiss"]
[EventRounds "9"]
[EventCountry "ITA"]
[SourceTitle "MCD"]
[Source "ChessBase"]
[SourceDate "1999.07.01"]
[SourceVersion "1"]
[SourceVersionDate "1999.07.01"]
[SourceQuality "1"]

1. e4 e5 2. Bc4 Nf6 3. Qe2 Nc6 4. Nf3 Be7 5. c3 d6 6. Bb3 Be6 7. Bc2 d5 8. d3 Qd6 9. Nbd2 0-0 10. Nf1 Nh5 11. h3 g6 12. g4 Nf4 13. Bxf4 exf4 14. e5 Qd7 15. d4 f6 16. N1d2 fxe5 17. Nxe5 Nxe5 18. dxe5 b5 19. Nf3 b4 20. Qa6 bxc3 21. bxc3 c5 22. Rb1 Rab8 23. 0-0 Bxg4 24. Rxb8 Rxb8 25. e6 Bxe6 26. Ne5 Qd6 27. Qxa7 Bf6 28. Ng4 Bg7 29. Re1 Rf8 30. Rb1 Bxg4 31. hxg4 Qe6 0-1

[Event "CZE-ch Juniors op-A"]
[Site "Sec u Chrudimi"]
[Date "2007.03.17"]
[Round "9"]
[White "Cichy, Miroslav"]
[Black "Hlavacek, Pavel"]
[Result "0-1"]
[WhiteElo "2110"]
[BlackElo "1766"]
[PlyCount "64"]
[EventDate "2007.03.10"]
[EventType "swiss"]
[EventRounds "9"]
[EventCountry "CZE"]
[SourceTitle "EXT 2008"]
[Source "ChessBase"]
[SourceDate "2007.11.25"]
[SourceVersion "1"]
[SourceVersionDate "2007.11.25"]
[SourceQuality "1"]

1. e4 e5 2. Bc4 Nc6 3. Nf3 Bc5 4. c3 Nf6 5. Qe2 d6 6. Bb3 Bg4 7. d3 Qe7 8. h3 Bh5 9. Nbd2 h6 10. Nf1 g5 11. g4 Bg6 12. Ng3 0-0-0 13. Bd2 d5 14. Ba4 dxe4 15. dxe4 Rd6 16. b4 Bb6 17. b5 Nd8 18. Bb3 Nd7 19. a4 Nc5 20. a5 Nxb3 21. axb6 axb6 22. Ra8+ Kd7 23. 0-0 f6 24. Rb1 Nc5 25. h4 h5 26. gxh5 Bxh5 27. Nxh5 Rxh5 28. Nxg5 Rxh4 29. Qf3 fxg5 30. Qf5+ Nde6 31. Be3 Qh7 32. Bxg5 Qxf5 0-1

[Event "CZE-ch Juniors op-A"]
[Site "Sec u Chrudimi"]
[Date "2007.03.16"]
[Round "8"]
[White "Korschner, Miroslav"]
[Black "Cichy, Miroslav"]
[Result "1/2-1/2"]
[WhiteElo "1850"]
[BlackElo "2076"]
[PlyCount "69"]
[EventDate "2007.03.10"]
[EventType "swiss"]
[EventRounds "9"]
[EventCountry "CZE"]
[SourceTitle "EXT 2008"]
[Source "ChessBase"]
[SourceDate "2007.11.25"]
[SourceVersion "1"]
[SourceVersionDate "2007.11.25"]
[SourceQuality "1"]

1. e4 c5 2. Nf3 Nc6 3. d4 cxd4 4. Nxd4 Nf6 5. Nc3 e5 6. Ndb5 d6 7. Bg5 a6 8. Na3 b5 9. Nd5 Qa5+ 10. Bd2 Qd8 11. Bg5 Qa5+ 12. Bd2 Qd8 13. Bg5 Be7 14. Bxf6 Bxf6 15. c3 0-0 16. Be2 Bg5 17. 0-0 f5 18. Bf3 f4 19. Nc2 Be6 20. a4 Ne7 21. axb5 Bxd5 22. exd5 axb5 23. Qd3 Qb6 24. Be2 Rxa1 25. Rxa1 Bh4 26. Rf1 Rb8 27. Nb4 Rb7 28. g3 fxg3 29. hxg3 e4 30. Qxe4 Bxg3 31. Nc6 Be5 32. Nxe5 dxe5 33. Qxe5 Qg6+ 34. Qg3 Qf6 35. Qf3 1/2-1/2

[Event "CZE-chT2b 0506"]
[Site "Czech Republic"]
[Date "2006.03.26"]
[Round "10"]
[White "Cichy, Miroslav"]
[Black "Ksana, Vaclav"]
[Result "1-0"]
[WhiteElo "2095"]
[BlackElo "2075"]
[PlyCount "23"]
[EventDate "2005.10.16"]
[EventType "team"]
[EventRounds "11"]
[EventCountry "CZE"]
[SourceTitle "EXT 2009"]
[Source "ChessBase"]
[SourceDate "2008.11.26"]
[SourceVersion "1"]
[SourceVersionDate "2008.11.26"]
[SourceQuality "1"]

1. e4 Nc6 2. d4 d5 3. Nc3 dxe4 4. d5 Ne5 5. Bf4 Ng6 6. Bg3 f5 7. Bb5+ Bd7 8. Nh3 c6 9. Bc4 Nf6 10. Ng5 h6 11. dxc6 hxg5 12. cxd7+ 1-0

[Event "CZE-chT2b 0506"]
[Site "Czech Republic"]
[Date "2005.12.04"]
[Round "4"]
[White "Cichy, Miroslav"]
[Black "Bores, Roman"]
[Result "1/2-1/2"]
[WhiteElo "2095"]
[BlackElo "2205"]
[PlyCount "40"]
[EventDate "2005.10.16"]
[EventType "team"]
[EventRounds "11"]
[EventCountry "CZE"]
[SourceTitle "EXT 2009"]
[Source "ChessBase"]
[SourceDate "2008.11.26"]
[SourceVersion "1"]
[SourceVersionDate "2008.11.26"]
[SourceQuality "1"]

1. e4 c5 2. f4 g6 3. Nf3 Bg7 4. c3 d6 5. Bb5+ Bd7 6. Bxd7+ Qxd7 7. 0-0 Nc6 8. d3 e6 9. Qe2 Nge7 10. Na3 0-0 11. e5 Rad8 12. Be3 b6 13. d4 cxd4 14. cxd4 Nf5 15. Bf2 dxe5 16. dxe5 Ncd4 17. Nxd4 Nxd4 18. Qe4 f5 19. exf6 Bxf6 20. Rad1 Qd5 1/2-1/2

[Event "Imperia op-A 47th"]
[Site "Imperia"]
[Date "2005.08.31"]
[Round "4"]
[White "Barlocco, Carlo"]
[Black "Cichy, Miroslav"]
[Result "1-0"]
[WhiteElo "2235"]
[BlackElo "2096"]
[PlyCount "127"]
[EventDate "2005.08.28"]
[EventType "swiss"]
[EventRounds "9"]
[EventCountry "ITA"]
[SourceTitle "EXT 2007"]
[Source "ChessBase"]
[SourceDate "2006.11.23"]
[SourceVersion "1"]
[SourceVersionDate "2006.11.23"]
[SourceQuality "1"]

1. Nf3 Nf6 2. c4 g6 3. g3 Bg7 4. Bg2 0-0 5. 0-0 d6 6. Nc3 c6 7. d4 Qc7 8. e4 e5 9. h3 Nbd7 10. Be3 a5 11. b3 Rb8 12. Rc1 Re8 13. c5 Nh5 14. cxd6 Qxd6 15. dxe5 Qxd1 16. Rfxd1 Nxe5 17. Nxe5 Bxe5 18. Na4 Bc7 19. Bb6 Bxb6 20. Nxb6 Be6 21. Rc5 Rbd8 22. Rxd8 Rxd8 23. Rxa5 Rd1+ 24. Kh2 Rd2 25. f4 f5 26. e5 g5 27. Ra4 gxf4 28. gxf4 Rf2 29. Kg1 Rxf4 30. Ra8+ Kf7 31. Rb8 Rd4 32. Rxb7+ Kg6 33. Bxc6 Rd1+ 34. Kf2 Rd2+ 35. Ke3 Rxa2 36. Be8+ Kg5 37. Rxh7 f4+ 38. Kf3 Ng3 39. Bf7 Bxb3 40. Bxb3 Ra3 41. Rg7+ Kh6 42. Rb7 Rxb3+ 43. Kxf4 Ne2+ 44. Ke4 Nc3+ 45. Kf5 Na4 46. e6 Rb5+ 47. Kf6 Rxb6 48. Rc7 Rb1 49. e7 Rf1+ 50. Ke6 Re1+ 51. Kf7 Rf1+ 52. Ke8 Kg7 53. Rc4 Nb2 54. Rd4 Ra1 55. Kd7 Ra7+ 56. Ke6 Ra6+ 57. Rd6 Ra8 58. Rd8 Ra6+ 59. Kd5 Ra5+ 60. Ke4 Ra4+ 61. Kf3 Ra3+ 62. Ke2 Nd3 63. e8Q Nf4+ 64. Kd2 1-0

[Event "Imperia op-A 47th"]
[Site "Imperia"]
[Date "2005.08.30"]
[Round "3"]
[White "Cichy, Miroslav"]
[Black "Zanetti, Alberto"]
[Result "1-0"]
[WhiteElo "2096"]
[BlackElo "2217"]
[PlyCount "79"]
[EventDate "2005.08.28"]
[EventType "swiss"]
[EventRounds "9"]
[EventCountry "ITA"]
[SourceTitle "EXT 2022"]
[Source "ChessBase"]
[SourceDate "2021.10.06"]
[SourceVersion "1"]
[SourceVersionDate "2021.10.06"]
[SourceQuality "1"]

1. e4 c5 2. f4 e6 3. Nf3 d5 4. exd5 exd5 5. Bb5+ Nc6 6. Qe2+ Be7 7. Ne5 Bd7 8. 0-0 Nf6 9. Bxc6 Bxc6 10. Re1 Rc8 11. d3 Rc7 12. Bd2 b6 13. f5 Bb7 14. Bf4 Kf8 15. Ng4 Rc8 16. Bg5 h5 17. Ne5 Bd6 18. Nd2 Qc7 19. h3 Re8 20. Ndf3 d4 21. Bf4 Re7 22. Ng5 Nd5 23. Ne6+ Rxe6 24. Ng6+ Kg8 25. fxe6 Nxf4 26. Nxf4 Bxf4 27. e7 Be3+ 28. Qxe3 dxe3 29. e8Q+ Kh7 30. Qxe3 Rd8 31. Qg5 Rd5 32. Qe7 Qg3 33. Qxb7 Rf5 34. Qe4 g6 35. Rf1 Re5 36. Rxf7+ Kg8 37. Qf3 Re1+ 38. Rxe1 Qxe1+ 39. Kh2 Qe5+ 40. Qf4 1-0

[Event "Plzen op-A 9th"]
[Site "Plzen"]
[Date "2003.08.23"]
[Round "8"]
[White "Cichy, Miroslav"]
[Black "Kopasov, Evgeny Aleksandrovi"]
[Result "1-0"]
[WhiteElo "2097"]
[BlackElo "2154"]
[PlyCount "57"]
[EventDate "2003.08.16"]
[EventType "swiss"]
[EventRounds "9"]
[EventCountry "CZE"]
[SourceTitle "CBM 095 Extra"]
[Source "ChessBase"]
[SourceDate "2003.09.04"]
[SourceVersion "1"]
[SourceVersionDate "2003.09.04"]
[SourceQuality "1"]

1. e4 c5 2. f4 d5 3. exd5 Qxd5 4. Nc3 Qe6+ 5. Qe2 Nc6 6. Nf3 Qd6 7. Ne4 Qxf4 8. d3 Qc7 9. c3 e6 10. g3 Be7 11. Bf4 Qd8 12. d4 cxd4 13. Rd1 Nf6 14. Nxd4 Bd7 15. Nxf6+ Bxf6 16. Nxc6 bxc6 17. Bg2 Qb6 18. Be3 Qb7 19. 0-0 Rd8 20. Qc4 Be7 21. Rxd7 Kxd7 22. Rxf7 Rhf8 23. Bxc6+ Qxc6 24. Rxe7+ Kxe7 25. Qxc6 Rd1+ 26. Kg2 Rff1 27. Qc7+ Ke8 28. Bc5 Rf7 29. Qc8+ 1-0

[Event "Plzen op-A 9th"]
[Site "Plzen"]
[Date "2003.08.17"]
[Round "2"]
[White "Cichy, Miroslav"]
[Black "Kubik, Jan"]
[Result "1/2-1/2"]
[WhiteElo "2097"]
[BlackElo "2252"]
[PlyCount "97"]
[EventDate "2003.08.16"]
[EventType "swiss"]
[EventRounds "9"]
[EventCountry "CZE"]
[SourceTitle "CBM 095 Extra"]
[Source "ChessBase"]
[SourceDate "2003.09.04"]
[SourceVersion "1"]
[SourceVersionDate "2003.09.04"]
[SourceQuality "1"]

1. e4 e5 2. Bc4 Nf6 3. Qe2 Nc6 4. Nf3 Bc5 5. c3 0-0 6. Bb3 d6 7. d3 d5 8. h3 dxe4 9. dxe4 a6 10. Bg5 h6 11. Bh4 Qe7 12. Nbd2 Be6 13. g4 Bxb3 14. axb3 b5 15. 0-0 Qe6 16. Bg3 g5 17. Ra2 Bd6 18. Rfa1 Nb8 19. c4 c6 20. cxb5 cxb5 21. Ra5 Nfd7 22. Rxb5 Nc6 23. Rd5 Nb4 24. Rda5 Bc7 25. R5a4 Rab8 26. Rc1 Rfc8 27. Raa1 Bd6 28. Nc4 f6 29. Nxd6 Qxd6 30. Rxc8+ Rxc8 31. Rd1 Qe7 32. Qd2 Nf8 33. Ne1 Ne6 34. Nd3 Nxd3 35. Qxd3 Rd8 36. Qe2 Rxd1+ 37. Qxd1 Nd4 38. Qd3 Qb7 39. f3 Qxb3 40. Qxb3+ Nxb3 41. Be1 Nd4 42. Kf2 Kf7 43. Bc3 Nb5 44. Bb4 Nd4 45. Bc5 Ne6 46. Be3 Nd4 47. Bd2 Nc6 48. Ke3 Nd4 49. Kf2 1/2-1/2